[Event "BL2-Sued 0203"]
[Site "Germany"]
[Date "2002.11.17"]
[Round "2.4"]
[White "Riefner, Edwin"]
[Black "Drollinger, Dennis"]
[Result "1/2-1/2"]
[WhiteElo "2226"]
[BlackElo "2281"]
[PlyCount "89"]
[EventDate "2002.10.20"]
[EventType "team-tourn"]
[EventRounds "9"]
[EventCountry "GER"]
[SourceTitle "EXT 2004"]
[Source "ChessBase"]
[SourceDate "2003.11.25"]
[SourceVersion "1"]
[SourceVersionDate "2003.11.25"]
[SourceQuality "1"]
[WhiteTeam "Krumbach"]
[BlackTeam "St Ingbert"]
[WhiteTeamCountry "GER"]
[BlackTeamCountry "GER"]

1. e4 c5 2. b3 d6 3. Bb2 Nf6 4. Bb5+ Bd7 5. Bxd7+ Qxd7 6. Bxf6 gxf6 7. Qh5 Nc6 8. Nc3 f5 9. Qxf5 Qxf5 10. exf5 Nd4 11. 0-0-0 Nxf5 12. Nf3 Rg8 13. g3 Bg7 14. Nd5 Kd7 15. Rhe1 e6 16. Ne3 Nd4 17. Ng1 b5 18. c3 Nc6 19. Nf3 Rgc8 20. Kc2 Rc7 21. a4 a6 22. Ng2 d5 23. Nf4 h6 24. g4 Kd6 25. h4 Rb8 26. axb5 axb5 27. Ra1 b4 28. Ra6 Rcb7 29. Nd3 Rb6 30. Rxb6 Rxb6 31. g5 c4 32. Nxb4 Nxb4+ 33. cxb4 Rxb4 34. Rb1 hxg5 35. hxg5 cxb3+ 36. Rxb3 Rf4 37. Kd1 e5 38. Ke2 e4 39. Ne1 Bd4 40. f3 Ke6 41. Rb5 Rh4 42. Nc2 Rh2+ 43. Kd1 Rh1+ 44. Ke2 Rh2+ 45. Kd1 1/2-1/2

[Event "BL2-Sued 0203"]
[Site "Germany"]
[Date "2002.10.20"]
[Round "1.4"]
[White "Beckhuis, Gernod"]
[Black "Riefner, Edwin"]
[Result "1/2-1/2"]
[WhiteElo "2283"]
[BlackElo "2226"]
[PlyCount "55"]
[EventDate "2002.10.20"]
[EventType "team-tourn"]
[EventRounds "9"]
[EventCountry "GER"]
[SourceTitle "EXT 2004"]
[Source "ChessBase"]
[SourceDate "2003.11.25"]
[SourceVersion "1"]
[SourceVersionDate "2003.11.25"]
[SourceQuality "1"]
[WhiteTeam "Kirchheim"]
[BlackTeam "Krumbach"]
[WhiteTeamCountry "GER"]
[BlackTeamCountry "GER"]

1. Nf3 Nf6 2. c4 g6 3. Nc3 d5 4. d4 Bg7 5. cxd5 Nxd5 6. e4 Nxc3 7. bxc3 c5 8. Rb1 0-0 9. Be2 Nc6 10. d5 Ne5 11. Nxe5 Bxe5 12. Qd2 e6 13. f4 Bh8 14. dxe6 Qxd2+ 15. Bxd2 Bxe6 16. Rxb7 Rfb8 17. Rxb8+ Rxb8 18. Kf2 Rb2 19. Ke3 Bxa2 20. Ra1 a5 21. e5 c4 22. Bf3 g5 23. g3 Bg7 24. Bc1 gxf4+ 25. gxf4 Rxh2 26. Bd2 Bb3 27. Rxa5 Bh6 28. Ra8+ 1/2-1/2

[Event "Oberliga Bayern 0102"]
[Site "Bayern"]
[Date "2002.04.28"]
[Round "9.3"]
[White "Riefner, Edwin"]
[Black "Unger, Michael"]
[Result "1/2-1/2"]
[WhiteElo "2225"]
[BlackElo "2120"]
[PlyCount "55"]
[EventDate "2001.10.07"]
[EventType "team"]
[EventRounds "9"]
[EventCountry "GER"]
[SourceTitle "EXT 2003"]
[Source "ChessBase"]
[SourceDate "2002.11.25"]
[SourceVersion "1"]
[SourceVersionDate "2002.11.25"]
[SourceQuality "1"]
[WhiteTeam "Krumbach"]
[BlackTeam "Muenchen Sendling"]
[WhiteTeamCountry "GER"]
[BlackTeamCountry "GER"]

1. e4 e6 2. d4 a6 3. Nf3 b5 4. Bd3 c5 5. c3 c4 6. Bc2 Bb7 7. 0-0 Nf6 8. Re1 d6 9. b3 Qc7 10. bxc4 bxc4 11. Qe2 Nbd7 12. Nbd2 Rc8 13. Rb1 Be7 14. Nxc4 Ba8 15. Ncd2 Qxc3 16. Ba4 Qa5 17. Bb3 0-0 18. Bb2 d5 19. e5 Ne4 20. Nxe4 dxe4 21. Nd2 Bb4 22. Red1 Bxd2 23. Qxd2 Qxd2 24. Rxd2 Nb6 25. Ba3 Rfe8 26. Bc5 Nd5 27. Bxd5 Bxd5 28. Rb6 1/2-1/2

[Event "Oberliga Bayern 0102"]
[Site "Bayern"]
[Date "2002.03.17"]
[Round "7.3"]
[White "Riefner, Edwin"]
[Black "Pitschka, Claus"]
[Result "0-1"]
[WhiteElo "2225"]
[BlackElo "2265"]
[PlyCount "58"]
[EventDate "2001.10.07"]
[EventType "team"]
[EventRounds "9"]
[EventCountry "GER"]
[SourceTitle "EXT 2003"]
[Source "ChessBase"]
[SourceDate "2002.11.25"]
[SourceVersion "1"]
[SourceVersionDate "2002.11.25"]
[SourceQuality "1"]
[WhiteTeam "Krumbach"]
[BlackTeam "Schwabing"]
[WhiteTeamCountry "GER"]
[BlackTeamCountry "GER"]

1. e4 Nf6 2. e5 Nd5 3. d4 d6 4. Nf3 dxe5 5. Nxe5 Nd7 6. Nd3 g6 7. c4 N5b6 8. b3 Bg7 9. Bb2 0-0 10. Nd2 c5 11. dxc5 Bxb2 12. Nxb2 Nxc5 13. b4 Ne6 14. Nf3 a5 15. a3 axb4 16. axb4 Rxa1 17. Qxa1 Nd4 18. Qd1 Nxf3+ 19. gxf3 Qc7 20. Qd4 Rd8 21. Qc5 Qd7 22. Qe3 Qd6 23. c5 Qf6 24. Nd3 Nc4 25. Qc1 Qxf3 26. Rg1 Qe4+ 27. Kd1 Rxd3+ 28. Bxd3 Qxd3+ 29. Ke1 Qe4+ 0-1